000 00825cab a2200253 4500
001 ABS55019
008 090401t1996 xxu||||| |||| 00| 0 eng d
035 _a(Sirsi) u13633
041 _aeng
100 _aStevens, J.
245 _aAvoiding premature repossession
260 _c1996
350 _a0
490 _aSolicitors` Journal
_v140(17) 3 May 1996, 436-437(2)
520 _aExamines recent CA cases in which the jurisdiction to suspend an order for possession under s36 of the Administration of Justice Act 1970.
650 _aADMINISTRATION OF JUSTICE ACT 1970 S36
650 _aCHELTENHAM AND GLOUCESTER BUILDING SOCIETY V NORGAN
650 _aMORTGAGES
650 _aNATIONAL AND PROVINCIAL BUILDING SOCIETY V LLOYD
650 _aREPOSSESSIONS
690 _aLAW
942 _n0
948 _c04/03/1997
999 _c8778
_d8778